00757 a2200205 450000500170000001000150001702000320003203500140006403700130007808200180009110000180010924501680012725000090029526000450030427000680034930000730041770000200049070000210051070000200053120211223122233.0 aENG-130540 a978-0-19-012478-6c1,695.00 aEN-114072 bDBAD/PUB a342.540853b1 aJha, Himanshu aCapturing Institutional Change:bThe Case of the Right To Information Act in India/cHimanshu Jha, Series edited by Rahul Mukherji, Subrata K.Mitra, Raghbendra Jha a2020 aNew DelhibOxford University Pressc2020 a22 Workspace, 2nd Floor, 1/22 Asaf Ali Road bNew Delhie110002 a319p.c22cm (pbk)bIndex, About the Author, Bibliography, Appendices aMukherji, Rahul aK,Mitra, Subrata aJha, Raghbendra